Využitie softvérového produktu Moldflow pri optimalizácií vstrekovania termoplastov
Saved in:
| Main Author: | |
|---|---|
| Other Authors: | |
| Format: | Book |
| Language: | Slovak |
| Published: |
Bratislava :
STU v Bratislave,
2012
|
| Edition: | 1. vyd. |
| Subjects: | |
| Tags: |
No Tags, Be the first to tag this record!
|
MARC
| LEADER | 00000nam a22000003a 4500 | ||
|---|---|---|---|
| 001 | stu255386 | ||
| 005 | 20150617230214.4 | ||
| 008 | 121008s2012------------------------slo-d | ||
| 040 | |a STU |b slo | ||
| 041 | 0 | |a slo | |
| 100 | 1 | |a Koprna, Miroslav, |d 1976- |4 aut |u J0050 |U SjF Strojnícka fakulta |T SjF Ústav technológií a materiálov |X 18366 |U J0050 |Y 803 |7 A000018366 | |
| 245 | 1 | |a Využitie softvérového produktu Moldflow pri optimalizácií vstrekovania termoplastov | |
| 250 | |a 1. vyd. | ||
| 260 | |a Bratislava : |b STU v Bratislave, |c 2012 | ||
| 300 | |a 119 s | ||
| 650 | 7 | |a strojárske technológie |2 stusub | |
| 700 | 1 | |a Gondár, Ernest, |d 1954- |4 ths |u J280 |U SjF Ústav technológií a materiálov |T SjF Katedra materiálov a technológií |X 2373 |U J0050 |Y 52 |7 A000002373 | |
| 996 | |b 284J040606 |c J*115379 |l JJST |s P |a 0 |w stu255386_0001 | ||